• 首页
  • 本馆介绍
  • 公告通知
  • 最新文献
  • 馆藏检索
  • 电子资源
  • 读者导购
  • 参考咨询
  • 我的图书馆
  • 登录
  • 详细信息显示
  • 放入我的书架
  • 预约/预借图书
  • 作者相关作品
  • 分类相关作品
  • 丛书相关作品
  • 出版社相关作品

书目信息

  • 表格格式
  • 工作单格式
  • 卡片格式
书名: SAMPLE BUSINESS PLANS PREMIER FASTTRAC
作者: R.Mack Davis,Richard H.Buskirk.
分册号:
分册名:
出版地:
 
出版社: Courtney Price
出版时间: 1994.
页数:
开本: 30cm.
丛书名:
中图分类号:
科图分类号:
其他分类号: F712.1
主题词:
电子资源:
000 00392nam 2200145 a 4500
001 E0738505936
005 20070513104623.45
008 070513s1994 00010 eng
020    @a0-944303-15-3.
040    @aPFT@beng
090    @aF712.1
099    @dF712.1@ex10
245 1  @aSAMPLE BUSINESS PLANS PREMIER FASTTRAC / @cR.Mack Davis,Richard H.Buskirk.
260    @bCourtney Price,@c1994.
300    @c30cm.
    
    SAMPLE BUSINESS PLANS PREMIER FASTTRAC / / R.Mack Davis,Richard H.Buskirk.-Courtney Price, , 1994.
    30cm.
    
    
    ISBN 0-944303-15-3.
    
●
相关链接 在E读中查询图书 在五车中查询图书 在当当中查询图书 在豆瓣中查询图书


正题名:SAMPLE BUSINESS PLANS PREMIER FASTTRAC     索取号:F712.1/x10         预约/预借

序号 登录号 条形码 馆藏地/架位号 状态 备注
1 008447   300084478   第二样本阅览室/ [索取号:F712.1/x10] 在馆    
唐山师范学院图书馆 欢迎您!
大连网信软件有限公司© 版权所有